000 01288cam a2200133 4500500
005 20260405005404.0
041 _afre
042 _adc
100 1 0 _aGrell, Isabelle
_eauthor
245 0 0 _aL'autofiction
260 _bArmand Colin,
_c2014.
520 _aL’autofiction est un « phénomène » littéraire qui a supplanté l’autobiographie. Ce nouveau roman du « Je » est officiellement qualifié en 1977 par Serge Doubrovsky dans le fameux texte de quatrième de couverture de son roman Fils. Ce terme donne lieu aujourd’hui comme hier à de nombreuses controverses théoriques, esthétiques et morales. Au tournant d’un millénaire et en réponse aux tumultes culturels, sociaux et politiques s’est installé un débat autour de la pratique de l’autofiction et de ses réflexions sur la place de l’individu dans une société où le virtuel enjambe le réel, où les limites traditionnelles éclatent et les mœurs se transforment. Au vu des disparités théoriques engendrées par l’apparition de ce terme et du questionnement sur le pacte entre le lecteur et l’auteur, Isabelle Grell propose ici de clarifier les diverses approches conceptuelles.
856 4 1 _uhttps://shs.cairn.info/l-autofiction--9782200289737?lang=fr&redirect-ssocas=7080
999 _c2083337
_d2083337